000 00194 a2200097 4500
020 _a042799304303
041 _aeng
100 _aQuattrockis,Carolyn
245 _aThe Magic Toy Shop
942 _cBK
999 _c31520
_d31518